000 00511nam a2200145 a 4500
008 120416s1983 ||||||||||||||||| || u
020 _a0582413400
050 _aHF 5686.H75 Woo
100 _aWood, Frank
245 1 0 _aAccounting in the hotel and catering industry
260 _aLondon
_bLongman
_c1983
300 _a(vii), 323p.
350 _a0.00
995 _D0.00
_FCBU-MAIN LIBRARY (Kitwe)
_H1
_I5.50
_M1
_UAVAILABLE
_ZMain Library Open Access Collection
999 _c33347
_d33347